000 00481nam a22001697a 4500
999 _c41732
_d41732
003 OSt
005 20221110131854.0
008 221104b ||||| |||| 00| 0 eng d
020 _a9788184890778
040 _coclc
082 _a613.2
_bSCH/E
100 _99253
_aMary K. Schmidl
245 _aEssentials of functional foods /
_cMary K. Schmidl
260 _aNew Delhi
_bRakmo Press
_c2009
300 _a395
942 _2ddc
_cBK
_h613.2
_iSCH/E
_k613.2
_mSCH/E